La foire aux reliquies / (Record no. 161426)

MARC details
000 -LEADER
campo de control de longitud fija 00646nam a22001935i 4500
001 - NÚMERO DE CONTROL
campo de control 161426
003 - IDENTIFICADOR DE NÚMERO DE CONTROL
campo de control ES-MaACL
005 - FECHA Y HORA DE LA ÚLTIMA TRANSACCIÓN
campo de control 20230906212301.0
008 - DATOS DE LONGITUD FIJA--INFORMACIÓN GENERAL
campo de control de longitud fija 041020q18771879fr |||| | fre d
040 ## - FUENTE DE CATALOGACIÓN
Centro catalogador/agencia de origen CAM
Lengua de catalogación spa
Centro/agencia transcriptor CAM
100 1# - ENTRADA PRINCIPAL--NOMBRE DE PERSONA
Nombre de persona Parfait, Paul.
9 (RLIN) 130853
245 13 - MENCIÓN DEL TÍTULO
Título La foire aux reliquies /
Mención de responsabilidad, etc. par Paul Parfait.
260 ## - PUBLICACIÓN, DISTRIBUCIÓN, ETC.
Lugar de publicación, distribución, etc. Paris :
Nombre del editor, distribuidor, etc. Maurice Dreyfous, éditeur,
Fecha de publicación, distribución, etc. [s.a.] (
Fabricante Typ. Ch. Unsinger)
300 ## - DESCRIPCIÓN FÍSICA
Extensión 392 p. ;
Dimensiones 18 cm.
596 ## - NOTA AL PIE DE IMPRENTA
NOTA AL PIE DE IMPRENTA La BN Opale-Plus lo fecha ca. 1877-1879.
650 04 - PUNTO DE ACCESO ADICIONAL DE MATERIA--TÉRMINO DE MATERIA
Término de materia o nombre geográfico como elemento de entrada Reliquias.
9 (RLIN) 136821
650 04 - PUNTO DE ACCESO ADICIONAL DE MATERIA--TÉRMINO DE MATERIA
Término de materia o nombre geográfico como elemento de entrada Supersticiones.
9 (RLIN) 17264
852 ## - LOCALIZACIÓN
Ubicación ES-MaACL
Número de control de estantería G-10909
Nota libre -- Enc. hol.
-- -- Legado de Modesto de la Fuente
Holdings
Estatus retirado Estado de pérdida Estado de daño No para préstamo Biblioteca de origen Biblioteca actual Ubicación en estantería Fecha de adquisición Fuente de adquisición Total de préstamos Signatura topográfica completa Código de barras Visto por última vez Precio de reemplazo Tipo de ítem Koha
        Biblioteca del Ateneo de Madrid Biblioteca del Ateneo de Madrid Sala Pecera Planta 3 17/01/2008     G-10909 1169090 23/02/2023 23/02/2023 Libro impreso